|
|
|
|
| LEADER |
00000cam a22000004a 4500 |
| 001 |
musev2_28313 |
| 003 |
MdBmJHUP |
| 005 |
20230905043010.0 |
| 006 |
m o d |
| 007 |
cr||||||||nn|n |
| 008 |
211129s2004 xx o 00 0 eng d |
| 020 |
|
|
|a 9780814273081
|
| 020 |
|
|
|z 9780814209776
|
| 020 |
|
|
|z 0814209777
|
| 020 |
|
|
|z 0814273084
|
| 035 |
|
|
|a (OCoLC)652293830
|
| 040 |
|
|
|a MdBmJHUP
|c MdBmJHUP
|
| 100 |
1 |
|
|a Messer-Kruse, Timothy
|e VerfasserIn.
|4 aut
|
| 245 |
1 |
0 |
|a Banksters, Bosses and Smart Money :
|b A Social History of the Great Toledo Bank Crash of 1931 /
|c Timothy Messer-Kruse.
|
| 264 |
|
1 |
|a Columbus
|b Ohio State University Press
|c 2004
|
| 264 |
|
3 |
|a Baltimore, Md. :
|b Project MUSE,
|c 2015
|
| 264 |
|
4 |
|c ©2004
|
| 300 |
|
|
|a 1 online resource (240 pages):
|b ill.
|
| 336 |
|
|
|a text
|b txt
|2 rdacontent
|
| 337 |
|
|
|a computer
|b c
|2 rdamedia
|
| 338 |
|
|
|a online resource
|b cr
|2 rdacarrier
|
| 500 |
|
|
|a Includes bibliographical references (p. 181-188) and index. - Description based on print version record.
|
| 506 |
0 |
|
|a Open Access
|f Unrestricted online access
|2 star
|
| 588 |
|
|
|a Description based on print version record.
|
| 650 |
|
4 |
|a Toledo (Ohio) ; Economic conditions.
|
| 650 |
|
4 |
|a Toledo (Ohio) ; Social conditions.
|
| 650 |
|
4 |
|a Banks and banking ; Ohio ; Toledo ; History.
|
| 650 |
|
4 |
|a Bank failures ; Ohio ; Toledo ; History.
|
| 655 |
|
7 |
|a Electronic books.
|2 local
|
| 710 |
2 |
|
|a Project Muse.
|e distributor
|
| 830 |
|
0 |
|a Book collections on Project MUSE.
|
| 856 |
4 |
0 |
|z Texto completo
|u https://projectmuse.uam.elogim.com/book/28313/
|
| 945 |
|
|
|a Project MUSE - Archive Complete Supplement III
|
| 945 |
|
|
|a Project MUSE - Archive US Regional Studies, Midwest Supplement III
|